| 000 | 00841npm a2200229 i 4500 | ||
|---|---|---|---|
| 001 | 5314 | ||
| 003 | ES-MaACL | ||
| 005 | 20231219191252.0 | ||
| 007 | hzrazu bucu | ||
| 008 | 900430r19901932sp b 00010 spa d | ||
| 080 | _a061.21(464.1) Ateneo"1932/33" | ||
| 110 | 2 |
_aAteneo de Madrid. _91875 |
|
| 245 | 1 | 0 |
_aActas de la Comisión de Biblioteca [ _hMicroforma : 4 de octubre de 1932 a 2 de junio de 1933]. |
| 260 |
_aMadrid : _bAteneo Científico, Literario y Artístico, _c1990. |
||
| 300 |
_a2 microfichas : _bnegativo. |
||
| 500 | _aReproducción del ejemplar manuscrito, 1932-1933. | ||
| 505 | 8 | _aMicroficha n. 1: 1932 (p.1 a 25) -- Microficha n. 2: 1933 (p.26 a 31) | |
| 610 | 2 | 4 |
_91951 _aAteneo de Madrid. _bBiblioteca |
| 852 |
_aES-MaACL _jMCF-61 _95431 _cDEPO1 |
||
| 942 |
_2udc _cMICROFORMA |
||
| 999 |
_c5314 _d5314 |
||